Realita a právo na komoditných burzách K podmínkám vzniku a fungování zemědělského trhu v České republice
Vznik a vývoj plodinových búrz v Českej republike. Činnosť Plodinovej burzy Brno (PBB). Zákony upravujúce činnosť búrz. Burzové pravidlá a štatút PBB. Právne nedostatky štatútu burzy.
Na minha lista:
| Autor principal: | |
|---|---|
| Formato: | Capítulo de Livro |
| Idioma: | tcheco |
| Assuntos: | |
| Tags: |
Sem tags, seja o primeiro a adicionar uma tag!
|
MARC
| LEADER | 00000naa a2200000 4500 | ||
|---|---|---|---|
| 001 | r000673 | ||
| 005 | 20221213090126.0 | ||
| 041 | 0 | |a cze | |
| 044 | |a SK | ||
| 245 | 1 | 0 | |a Realita a právo na komoditných burzách |b K podmínkám vzniku a fungování zemědělského trhu v České republice |c J. Dědič |
| 520 | |a Vznik a vývoj plodinových búrz v Českej republike. Činnosť Plodinovej burzy Brno (PBB). Zákony upravujúce činnosť búrz. Burzové pravidlá a štatút PBB. Právne nedostatky štatútu burzy. | ||
| 610 | 2 | 0 | |a burzy plodinové |
| 610 | 2 | 0 | |a Plodinová burza Brno |
| 610 | 2 | 0 | |a Česko |
| 610 | 2 | 0 | |a predpisy právne |
| 610 | 2 | 0 | |a štatúty |
| 100 | 1 | |a Dědič, J. | |